000 00889nam a22002535i 4500
001 176431
003 ES-MaACL
005 20250809151248.0
008 110114s1962 sp af |||| | spa d
080 _a726.3
100 0 _aParrot, André.
_989273
245 1 3 _aEl templo de Jerusalén /
_cAndré Parrot ; traducción revisada por Sebatián Bartina.
260 _aBarcelona :
_bGarriga,
_cD. L. 1962.
300 _a96, [4] p. de lám. , [2] h. de lám. :
_bil. bl. y n. ;
_c21 cm.
490 1 _aCuadernos de Arqueología Bíblica ;
_v5
500 _aÍndices.
504 _aBibliografía: p. 88-91.
610 0 4 _aTemplo de Jerusalén.
_96937
650 7 _aArqueología bíblica
_2embne
_99981
700 1 _aBartina, Sebastián.
_926136
830 0 _aCuadernos de Arqueología Bíblica ;
_v5
_9190046
852 _aES-MaACL
_jE-14061
_xOlim P-379-bis
999 _c176431
_d176431